Mega man games by bosses - Statistics

General Stats
  • This quiz has been taken 50 times
  • The average score is 15 of 18
Answer Stats
Bosses Mega Man game % Correct
Metal man, Air man, Quick man Mega Man 2
100%
Dive man, Ring man, Toad man Mega Man 4
100%
Guts man, Cut man, Elec man (Japanese name please) Rock Man
97%
Needle man, Shadow man, Top man Mega Man 3
95%
Gravity man, Charge man, Star man Mega Man 5
95%
Blizzard man, Yamato man, Centaur man Mega Man 6
95%
Burst man, Freeze man, Junk man Mega Man 7
95%
Grenade man, Tengu man, Clown man Mega Man 8
95%
Storm Eagle, Spark Mandrill, Chill Penguin Mega Man X
95%
Wheel Gator, Flame Stag, Bubble Crab Mega Man X2
89%
Volt Catfish, Tunnel Rhino, Blast Hornet Mega Man X3
89%
Web Spider, Cyber Peacock, Storm Owl Mega Man X4
89%
Splash woman, Galaxy man, Hornet man Mega Man 9
84%
Solar man, Pump man, Nitro man Mega Man 10
68%
Bass.EXE, FireMan.EXE, ColorMan.EXE Mega Man Battle Network
61%
Cold man, Pirate man, Dynamo man Mega Man & Bass
55%
Hanmuru Doll, Ferdinand, Blumebear Mega Man Legends
50%
Klaymoor, Sera, Gargarfummi Mega Man Legends 2
42%
No matching quizzes found
Score Distribution
Percent of People with Each Score
Percentile by Number Answered
Your Score History
You have not taken this quiz